000 01226nam a2200265Ia 4500
003 OSt
005 20220930094747.0
006 a|||||r|||| 00| 0
007 ta
008 220926b |||||||| |||| 00| 0 san d
024 _a10758
037 _cTheses
040 _aCRL
_cCRL
_bsan
041 _2san
_asan
100 _aपाल, कुवंर, ले.
110 _aदिल्ली विश्वविद्यालय. कला संकाय. संस्कृत विभाग
_9556229
245 0 _aवालमीकिरामायण के तिङन्तों का समीक्षात्मक अध्ययन
_b समालोचनात्मक संस्करण के आधार पर
246 _aVālamīkirāmāyaṇ ke tinntoan kā samīkṣhātmak adhyayana: samālochanātmak sanskaraṇ ke ādhār para
260 _c2012
300 _a194पृ0
_ap.
_ccm.
650 _aसंस्कृत साहित्य
700 _aदिल्ली विश्वविद्यालय. कला संकाय. संस्कृत विभाग
_9556230
942 _cDIS
_2CC
999 _c887632
_d887632